5HLuxD.jpg

KING HENRY VIII SENIOR AND PRIMARY SCHOOL LIBRARY OPAC

One red shoe / (Record no. 1835)

000 -LEADER
fixed length control field 01127pam a2200349 i 4500
001 - CONTROL NUMBER
control field 016855749
003 - CONTROL NUMBER IDENTIFIER
control field Uk
005 - DATE AND TIME OF LATEST TRANSACTION
control field 20230202101639.0
008 - FIXED-LENGTH DATA ELEMENTS--GENERAL INFORMATION
fixed length control field 140520s2014 vraa j 000 1 eng|d
015 ## - NATIONAL BIBLIOGRAPHY NUMBER
National bibliography number GBB492907
Source bnb
016 7# - NATIONAL BIBLIOGRAPHIC AGENCY CONTROL NUMBER
Record control number 016855749
Source Uk
020 ## - INTERNATIONAL STANDARD BOOK NUMBER
International Standard Book Number 9780987109965 :
040 ## - CATALOGING SOURCE
Original cataloging agency StDuBDS
Language of cataloging eng
Transcribing agency StDuBDS
Modifying agency Uk
-- KH8
Description conventions rda
041 1# - LANGUAGE CODE
Language code of text/sound track or separate title eng
Language code of original ger
042 ## - AUTHENTICATION CODE
Authentication code ukblsr
082 04 - DEWEY DECIMAL CLASSIFICATION NUMBER
Classification number 833.92 GRU
Edition number 23
100 1# - MAIN ENTRY--PERSONAL NAME
Personal name Gruss, Karin,
Relator term author.
240 10 - UNIFORM TITLE
Uniform title Ein roter schuh.
Language of a work English
245 10 - TITLE STATEMENT
Title One red shoe /
Statement of responsibility, etc. Karin Gruss ; Tobias Krejtschi.
264 #1 - PRODUCTION, PUBLICATION, DISTRIBUTION, MANUFACTURE, AND COPYRIGHT NOTICE
Place of production, publication, distribution, manufacture Albert Park, Victoria :
Name of producer, publisher, distributor, manufacturer Wilkins farago,
Date of production, publication, distribution, manufacture, or copyright notice 2014.
300 ## - PHYSICAL DESCRIPTION
Extent 1 volume (unpaged) :
Other physical details chiefly illustrations (colour) ;
Dimensions 26 cm
336 ## - CONTENT TYPE
Content type term text
Source rdacontent
336 ## - CONTENT TYPE
Content type term still image
Source rdacontent
337 ## - MEDIA TYPE
Media type term unmediated
Source rdamedia
338 ## - CARRIER TYPE
Carrier type term volume
Source rdacarrier
500 ## - GENERAL NOTE
General note Translated from the German.
500 ## - GENERAL NOTE
General note Formerly CIP.
Institution to which field applies Uk
650 #0 - SUBJECT ADDED ENTRY--TOPICAL TERM
Topical term or geographic name entry element Arab-Israeli conflict, 1993-
Form subdivision Pictorial works
-- Juvenile fiction.
651 #0 - SUBJECT ADDED ENTRY--GEOGRAPHIC NAME
Geographic name Gaza Strip
Form subdivision Pictorial works
-- Juvenile fiction.
700 1# - ADDED ENTRY--PERSONAL NAME
Personal name Krejtschi, Tobias,
Dates associated with a name 1980-
Relator term artist.
942 ## - ADDED ENTRY ELEMENTS (KOHA)
Source of classification or shelving scheme
Koha item type Books - Non Ficton
Holdings
Withdrawn status Lost status Source of classification or shelving scheme Damaged status Not for loan Collection code Permanent Location Current Location Shelving location Date acquired Total Checkouts Full call number Barcode Date last seen Date last checked out Price effective from Koha item type
          Non-Fiction KH8 Primary School Library KH8 Primary School Library Non Fiction 2023-02-02 11 833.92 GRU KHPL000003584 2025-12-05 2024-10-18 2023-02-02 Books - Non Ficton

Powered By KH8 IT Dept